| 000 | 00600cam a2200217 a 4500 | ||
|---|---|---|---|
| 999 |
_c2959 _d2959 |
||
| 001 | 17087538 | ||
| 003 | OSt | ||
| 005 | 20230913133748.0 | ||
| 008 | 111114s2011 enk 000 0 eng | ||
| 010 | _a 2011508215 | ||
| 020 | _a9780571283552 (pbk.) | ||
| 040 |
_aDLC _cDLC _dKH8 |
||
| 042 | _apcc | ||
| 082 | _a822.92 FAR | ||
| 100 | 1 |
_aFarr, David, _d1969- _eauthor. |
|
| 245 | 1 | 4 |
_aThe heart of Robin Hood / _cDavid Farr. |
| 260 |
_aLondon : _bFaber and Faber, _c2011. |
||
| 300 |
_a96 p. ; _c20 cm. |
||
| 942 |
_2ddc _cTR |
||